| 000 | 00471nam a22001457a 4500 | ||
|---|---|---|---|
| 005 | 20150515103445.0 | ||
| 008 | 150515b xxu||||| |||| 00| 0 eng d | ||
| 040 | _cPK-LaUMT | ||
| 082 |
_aKHC 297.86 _bMAZ-T |
||
| 100 | _aمظہرالدین، محمد | ||
| 245 |
_aتاریخ محمودیت کے چند اہم مگر پوشیدہ اوراق _cمحمد مظہرالدین |
||
| 260 |
_aملتان _bدفتر امصاراحمدیہ _c1960 |
||
| 300 | _a205 ص | ||
| 942 | _cBK | ||
| 999 |
_c71920 _d71920 |
||